DC COMICS - Statistiques

Statistiques générales
  • Ce quiz a été pris 746 fois
  • Le résultat moyen est 39 sur 74
Statistiques - réponses
Par images Réponse % Correct
batman
100%
superman
100%
flash
99%
aquaman
98%
joker
96%
green lantern
94%
robin
93%
wonder woman
93%
supergirl
91%
cyborg
90%
shazam
90%
catwoman
86%
clark kent
86%
green arrow
84%
harley quinn
83%
batgirl
81%
black adam
80%
poison ivy
80%
nightwing
77%
raven
73%
blue beetle
70%
kidflash
70%
lex luthor
70%
superboy
69%
hawkgirl
67%
hawkman
66%
starfire
66%
bruce wayne
65%
le pingouin
65%
martian manhunter
64%
beastboy
63%
red hood
62%
barry allen
61%
deathstroke
57%
red arrow
57%
black manta
56%
darkseid
56%
doomsday
54%
lois lane
54%
wonder girl
54%
aqualad
52%
zatanna
49%
doctor fate
48%
cheetah
47%
sinestro
47%
wally west
46%
gueule d'argile
43%
red tornado
43%
plastic man
41%
brainiac
39%
miss martian
37%
speedy
36%
artemis
35%
solomon grundy
34%
black lightning
32%
black beetle
31%
homme mystère
27%
question
24%
victor stone
21%
captain atom
20%
impulse
20%
bart allen
18%
azrael
17%
elongated man
17%
billy batson
16%
red volcano
11%
bumblebee
10%
red torpedo
8%
red inferno
7%
atomic skull
5%
klarion
5%
arcenal
4%
commander steel
3%
doctor polaris
3%
Aucun quiz correspondant
Distribution des résultats
% des personnes avec chaque résultat
Percentile par nombre de réponses
Votre historique - résultats
Vous n’avez pas pris ce quiz